Ecological heterogeneity

Spremljeno u:
Bibliografski detalji
Glavni autor: Kolasa, Jurek
Daljnji autori: Pickett, Steward A
Format: Knjiga
Jezik:engleski
Izdano: New York, USA Springer 1991
Serija:Ecological Studies. 86
Teme:
Oznake: Dodaj oznaku
Bez oznaka, Budi prvi tko označuje ovaj zapis!

MARC

LEADER 00000nam a2200000 a 4500
001 UCW0554
003 CL-VaPUC
005 20220331130729.0
008 921124e19910000US |||||||||||||||||eng|d
999 |c 215680  |d 215678 
040 |c Pontificia Universidad Católica de Valparaíso 
082 0 4 |a 577.82 KOL 1991  |2 21 
100 0 |a Kolasa, Jurek  |9 304472 
245 1 0 |a Ecological heterogeneity 
260 |a New York, USA  |b Springer  |c 1991 
300 |a 332 páginas 
490 0 |a Ecological Studies.  |v 86 
583 |a last modification  |c 19921124 00:00:00  |k Rodrigo Vera 
650 0 |a Comunidades bióticas   |9 269776 
650 0 |a Ecosistemas  |9 261477 
650 0 |a Ecología   |9 258124 
700 0 |a Pickett, Steward A  |9 304473 
942 |c BK  |2 ddc 
945 |d 19921124 00:00:00 
952 |0 0  |1 0  |2 ddc  |4 0  |6 577_820000000000000_KOL_1991  |7 0  |8 A  |9 200331  |a BIBCUR  |b BIBCUR  |d 2019-11-14  |i 3193594  |o 577.82 KOL 1991  |p 3193594  |r 2025-04-22  |t 1  |w 2019-11-14  |y BK  |k BIO